Country Doubles Quiz Stats

 Plays Quiz Updated Nov 5, 2018

Score 0/14 Timer 08:00
4 Plays Today
First Letter . . . Last Letter Country Double % Correct
I . . . AIndia, Indonesia
77.9%
J . . . NJapan, Jordan
75.4%
I . . . DIceland, Ireland
66.6%
K . . . NKazakhstan, Kyrgyzstan
62.7%
P . . . UPalau, Peru
59.5%
M . . . IMalawi, Mali
59%
A . . . NAfghanistan, Azerbaijan
58%
First Letter . . . Last Letter Country Double % Correct
T . . . OTogo, Trinidad and Tobago
52.9%
B . . . IBrunei, Burundi
51.7%
L . . . NLebanon, Liechtenstein
42.9%
M . . . RMadagascar, Myanmar
40.7%
P . . . APanama, Papua New Guinea
39.9%
E . . . REcuador, El Salvador
38.4%
C . . . SComoros, Cyprus
32.6%

You're not logged in!

Compare scores with friends on all Sporcle quizzes.
OR
Log In

You Might Also Like...

Show Comments

Extras

Top Quizzes Today


Score Distribution

Your Account Isn't Verified!

In order to create a playlist on Sporcle, you need to verify the email address you used during registration. Go to your Sporcle Settings to finish the process.

Report this User

Report this user for behavior that violates our Community Guidelines.

Details: